Normal view
MARC view
Entry Topical Term
001 - CONTROL NUMBER
- control field: 234665
003 - CONTROL NUMBER IDENTIFIER
- control field: OSt
005 - DATE AND TIME OF LATEST TRANSACTION
- control field: 20250808121913.0
008 - FIXED-LENGTH DATA ELEMENTS
- fixed length control field: 250808|| aca||aabn | a|a d
040 ## - CATALOGING SOURCE
- Original cataloging agency: OSt
- Transcribing agency: OSt
150 ## - HEADING--TOPICAL TERM
- Topical term or geographic name entry element: by
670 ## - SOURCE DATA FOUND
- Source citation: Work cat.: (OSt)142538: KARNATAKA SAHITYA AKADEMI ಕರ್ನಾಟಕ ಸಾಹಿತ್ಯ ಅಕಾಡೆಮಿ 234660, Vichara sahitya, 2006